000 00945cab a2200253 4500
001 WB2822-64
008 090401t1992 xxu||||| |||| 00| 0 eng d
035 _a(Sirsi) u26789
041 _aeng
245 _aSolicitors face levy for fraud claims
260 _c1992
350 _a0
490 _aFinancial Times
_v2 June 1992, 11(1)
520 _aSolicitors in England and Wales face a special levy of more than £1,000 this autumn on top of their annual insurance premiums to meet a big increase in professional fraud claims. The Law Society also proposes tough restrictions on the right of solicitors to practice on their own.
650 _aCOMPENSATION
650 _aPROFESSIONAL FRAUD
650 _aPROFESSIONAL INDEMNITY INSURANCE
650 _aSOLE PRACTITIONERS
650 _aSOLICITORS
690 _aINSURANCE
_96249
690 _aMANAGEMENT-BUSINESS MANAGEMENT-PROFESSIONAL PRACTICE
942 _n0
948 _c04/03/1997
999 _c18036
_d18036